[Event "Dieppe op 1st"]
[Site "Dieppe"]
[Date "2000.??.??"]
[Round "6"]
[White "Join, Mathieu"]
[Black "Levesque, Thomas"]
[Result "0-1"]
[WhiteElo "1380"]
[BlackElo "1800"]
[PlyCount "55"]
[EventDate "2000.08.??"]
[EventType "swiss"]
[EventRounds "7"]
[EventCountry "FRA"]
[SourceTitle "EXT 2005"]
[Source "ChessBase"]
[SourceDate "2004.11.15"]
[SourceVersion "1"]
[SourceVersionDate "2004.11.15"]
[SourceQuality "1"]

1. e4 e5 2. Nf3 Nc6 3. d4 exd4 4. Bc4 Bc5 5. c3 dxc3 6. Nxc3 Nge7 7. 0-0 0-0 8. Re1 d6 9. h3 Bd7 10. a3 a5 11. Bf4 Ng6 12. Bg3 Kh8 13. Qd2 f6 14. Rad1 Nce7 15. h4 Bg4 16. Be2 f5 17. exf5 Nxf5 18. Ng5 Bxe2 19. Nxe2 Nxg3 20. Nxg3 Bxf2+ 21. Kh2 h6 22. Re6 Nxh4 23. Rxh6+ gxh6 24. Qc3+ Qf6 25. Qxf6+ Rxf6 26. N5e4 Bxg3+ 27. Kxg3 Nf5+ 28. Kh3 0-1